Welcome to CU Library Online Public Access Catalogue (OPAC)

Appleton & Lange's review for the USMLE step 3 / (Record no. 2787)

MARC details
000 -LEADER
fixed length control field 00735cam a2200217 a 4500
001 - CONTROL NUMBER
control field 4945535
005 - DATE AND TIME OF LATEST TRANSACTION
control field 20250122121609.0
008 - FIXED-LENGTH DATA ELEMENTS--GENERAL INFORMATION
fixed length control field 960930s1997 ctuaf b 000 0 eng c
020 ## - INTERNATIONAL STANDARD BOOK NUMBER
International Standard Book Number 0838503055 (pbk. : alk. paper)
050 00 - LIBRARY OF CONGRESS CALL NUMBER
Classification number R834.5
Item number .A662 1997
082 00 - DEWEY DECIMAL CLASSIFICATION NUMBER
Classification number 610/.76
Edition information 21
245 00 - TITLE STATEMENT
Title Appleton & Lange's review for the USMLE step 3 /
Statement of responsibility, etc. [edited by Samuel L. Jacobs].
250 ## - EDITION STATEMENT
Edition statement 2nd ed.
260 ## - PUBLICATION, DISTRIBUTION, ETC.
Place of publication, distribution, etc. Stamford, Conn. :
Name of publisher, distributor, etc. Appleton & Lange,
Date of publication, distribution, etc. c1997.
300 ## - PHYSICAL DESCRIPTION
Extent xviii, 314 p., [2] p. of plates :
Other physical details ill. (some col.) ;
Dimensions 28 cm.
650 #0 - SUBJECT ADDED ENTRY--TOPICAL TERM
Topical term or geographic name entry element Medicine
General subdivision Examinations, questions, etc.
650 12 - SUBJECT ADDED ENTRY--TOPICAL TERM
Topical term or geographic name entry element Medicine
General subdivision examination questions.
650 12 - SUBJECT ADDED ENTRY--TOPICAL TERM
Topical term or geographic name entry element Medicine
General subdivision outlines.
700 1# - ADDED ENTRY--PERSONAL NAME
Personal name Jacobs, Samuel L.
942 ## - ADDED ENTRY ELEMENTS (KOHA)
Source of classification or shelving scheme Library of Congress Classification
Koha item type Books
Edition 2nd ed.
Suppress in OPAC No
999 ## -
-- 2787
-- 2787
Holdings
Withdrawn status Lost status Source of classification or shelving scheme Damaged status Not for loan Collection Home library Current library Shelving location Date acquired Total checkouts Full call number Barcode Date last seen Copy number Price effective from Koha item type
    Library of Congress Classification     Non-fiction Science Library (Miotso) Science Library (Miotso) General stacks 01/22/2025   R834.5 A662 APP SLM00002137 01/22/2025 1 01/22/2025 Books
© 2023-2024 Copyright: Central University Libraries. All Rights Reserved | Created by: Mahone Tech Office